عرض عادي
عرض مارك
- العاني، سجاد عبد المنعم مصطفى،
دخول Personal Name
001 - CONTROL NUMBER
- control field: 26979
003 - CONTROL NUMBER IDENTIFIER
- control field: AE-AdECS
005 - DATE AND TIME OF LATEST TRANSACTION
- control field: 20260226085638.0
008 - FIXED-LENGTH DATA ELEMENTS
- fixed length control field: 260226|| aca||aabn | a|a d
040 ## - CATALOGING SOURCE
- Original cataloging agency: AE-AdECS
- Transcribing agency: AE-AdECS
100 ## - HEADING--PERSONAL NAME
- Personal name: العاني، سجاد عبد المنعم مصطفى،
670 ## - SOURCE DATA FOUND
- Source citation: Work cat.: (AE-AdECS)294316: العاني، سجاد عبد المنعم مصطفى، مؤلف., العلاقات البريطانية السعودية 1953 - 1964 /
